anagrammes de marques - Statistiques

Statistiques générales
  • Ce quiz a été pris 266 fois
  • Le résultat moyen est 9 sur 16
Statistiques - réponses
anagramme réponse % Correct
iodr Dior
96%
aazr Zara
96%
siddaa Adidas
92%
inek Nike
89%
nhsie Shein
71%
haelnc Chanel
69%
krehsba Bershka
58%
eilsv Levis
52%
ugalised Desigual
51%
rcsaeev Versace
45%
rbubryre Burberry
39%
dssiiaavrtru Stradivarius
33%
kriampr Primark
27%
aoshper Sephora
27%
esrnocve Converse
18%
obneic Nocibe
15%
Aucun quiz correspondant
Distribution des résultats
% des personnes avec chaque résultat
Percentile par nombre de réponses
Votre historique - résultats
Vous n’avez pas pris ce quiz